00796nam a22002417a 45000010005000000030006000050050017000110080041000280200018000690400029000870500012001160820008001281000021001362450098001572600037002553000049002925050008003415200104003495210021004535210020004746500025004947000035005195777FISKH20250429082007.0250121b cb ||||| |||| 00| 0 eng d a9780545493413 aFISKHbengcFISKHdFISKH aQB631.4 a550 aGoldsmith, Mike  aEarth :bThe life of our planet /cBy Dr. Mike Goldsmith : Illustrated by Dr. Mark A. Garlick aNew York : bScholastic ,c2011. a47 pages : bcolor illustrations ;c28 cm .  aZ  aText, photographs, and illustrations offer a visual narrative of the geographical history of Earth.8 a1140 bLexile 8 aZ bRaz-Plus  aplanetsvnon-fiction aGarlick, Mark A.eillustrator